000 02113cam a2200409 4500
001 ABS67005
008 030902n2003 000 0 eng u
035 _a(Sirsi) u123464
100 _aIves, P.
245 _aRent arrears and possession problems
260 _c2003
490 _aLetting Update Journal
_v11(2) July 2003, 15-18(3)
520 _aFirst of three articles covering the law of evictions and the basic procedures for regaining the possession with assured tenancies and Assured Shorthold Tenancies (ASTs). Looks at the initial stages of the possession process including the possibility of negotiated settlement without resort to the courts. Notes that only a court can bring a tenancy to an end and cause a tenant to be evicted and details tenants' protection from eviction under the Protection from Eviction Act 1977 s2 and the Housing Act 1988 ss27 and 28. Outlines the two main statutory procedures for service of possession notices and their legal requirements - s21 of the 1988 Act for ASTs and s8 of the 1988 Act for assured tenancies. Underlines the importance of establishing that the landlord has the proper grounds for claiming possession before applying to court. Considers in detail the specific rules applying to rent arrears. References.
590 _aABS
650 _aRENT ARREARS
650 _aPOSSESSION PROCEDURE
650 _aASSURED TENANCIES
650 _aASSURED SHORTHOLD TENANCIES
650 _aHOUSING ACT 1988 S27
650 _aHOUSING ACT 1988 S28
650 _aHOUSING ACT 1988 S7(6)
650 _aHOUSING ACT 1988 S21
650 _aHOUSING ACT 1988 S8
650 _aGROUNDS
650 _aEVICTION
650 _aPROTECTION FROM EVICTION ACT 1977 S2
650 _aLOWER STREET PROPERTIES LTD V JONES
650 _aSYMONS V WARREN
650 _aMOUNTAIN V HASTINGS
650 _aWANDSWORTH LBC V ATTWELL
650 _aMARATH V MACGILLIVRAY
650 _aCOLTRANE V DAY
690 _aPROPERTY-RESIDENTIAL PROPERTY-RESIDENTIAL LANDLORD AND TENANT-RESIDENTIAL TENANCIES
700 _aDixon, D.
700 _aHopkins, P.
942 _n0
999 _c73327
_d73327